| 000 | 00483nam a2200169Ia 4500 | ||
|---|---|---|---|
| 999 |
_c34625 _d34625 |
||
| 003 | OSt | ||
| 005 | 20200827123536.0 | ||
| 008 | 190216s9999||||xx |||||||||||||| ||und|| | ||
| 020 | _a9788180940880 | ||
| 040 | _coclc | ||
| 082 |
_a543.5 _bNAI/A |
||
| 100 |
_aNair, K P Rajappan _94391 |
||
| 245 | 0 |
_aAtomic Spectroscopy / _cK P Rajappan Nair |
|
| 260 |
_bM J P Publishers, _c2014. _aChennai: |
||
| 300 | _a595p | ||
| 942 |
_cBK _2ddc _h543.5 _iNAI/A _k543.5 _mNAI/A |
||